טוען...

(Mal) P C Mahalanobis-jivitavum sambhavanayum

מידע ביבליוגרפי
מחבר ראשי: Lasitha
פורמט: Printed Book
שפה:English
נושאים:
LEADER 00349nam a2200109Ia 4500
008 101008s9999 xx 000 0 eng d
100 |a Lasitha, 
245 |a (Mal) P C Mahalanobis-jivitavum sambhavanayum 
650 |a Learning 
942 |c BK 
999 |c 183196  |d 183196 
952 |0 0  |1 0  |4 0  |7 0  |9 202489  |a EDU  |b EDU  |c ST1  |d 2010-10-20  |i 4788  |l 0  |p EDU4788  |r 2018-08-29  |w 2018-08-29  |y BK